000 00740nam a2200241Ia 4500
003 OSt
005 20220926012133.0
006 a|||||r|||| 00| 0
007 ta
008 220923b |||||||| |||| 00| 0 eng d
037 _cGeneral Book
040 _aRTL
_cRTL
_beng
041 _2eng
_aeng
082 _aX:9B.73.N8, M6
100 _aGreenberger Ellen
_9315576
245 0 _aWhen teenagers work
_b Psychological and social cos
260 _aNew York
_bBasic Books USA
_c1986
300 _axvii, 275p. Bib p 255-64
_ccm.
650 _aChild Labour
_9252806
700 _a Steinberg Laurence
_9315577
942 _hX:9B.73.N8, M6
_cGB
_2CC
999 _c621822
_d621822